000 00331nam a22001457a 4500
020 _a81-8204-025-6
082 _a643.3
_bAGG
100 _aAGGARWAL, D.K
245 _aKITCHEN EQIUPMENT AND DESIGN
260 _aDELHI
_bAMAN
_c2006
300 _a298
650 _aHOTEL MANAGEMENT
653 _aKITCHEN, EQIUPMENT
942 _2ddc
_cBK
999 _c8079
_d8079